Τα χρόνια των ξενοδοχείων : περιπλανώμενος στην Ευρώπη ανάμεσα στους πολέμους
Αποθηκεύτηκε σε:
| Κύριος συγγραφέας: | |
|---|---|
| Άλλοι συγγραφείς: | |
| Μορφή: | Βιβλίο |
| Γλώσσα: | Greek English |
| Δημοσίευση: |
Αθήνα :
Άγρα,
c2019.
|
| Θέματα: | |
| Ετικέτες: |
Προσθήκη ετικέτας
Δεν υπάρχουν, Καταχωρήστε ετικέτα πρώτοι!
|
MARC
| LEADER | 00000cam a2200000 a 4500 | ||
|---|---|---|---|
| 001 | 1/122180 | ||
| 008 | 201001s2019####gr | ||| |||| ||gre|| | ||
| 020 | |a 9789605053956 | ||
| 040 | |a GR-MyUa |b gre |c GR-MyUa |e AACR2 | ||
| 041 | 1 | |a gre |h eng | |
| 082 | 7 | |a 838 |2 (23) | |
| 100 | 1 | |a Roth, Joseph, |d 1894-1939. | |
| 245 | 1 | 3 | |a Τα χρόνια των ξενοδοχείων : |b περιπλανώμενος στην Ευρώπη ανάμεσα στους πολέμους / |c Joseph Roth ; εισαγωγή και επιλογή κειμένων Michael Hofmann ; μετάφραση Μαρία Αγγελίδου. |
| 260 | |a Αθήνα : |b Άγρα, |c c2019. | ||
| 300 | |a 368 σ. ; |c 21 εκ. | ||
| 500 | |a Τίτλος πρωτοτύπου: The hotel years : wanderings in Europe between the wars. | ||
| 650 | 0 | |a Authors, Austrian |y 20th century |x Anecdotes. | |
| 700 | 1 | |a Hofmann, Michael, |d 1957 August 25- |e aui |e edt | |
| 852 | |a INST |b SYROS |e 20201001 |h 838 ROT |p 005500014783 |q 005500014783 |t BK |y 0 | ||
| 920 | |a Τυροβολάς |b Ιωάννης |y Σύρος |z 2020-10 | ||
| 970 | |a Κοντού |b Παρασκευή |z 01/10/2020 | ||